000 00310nam a22001337a 4500
008 170613b xxu||||| |||| 00| 0 eng d
020 _a0789498898
041 _aeng
080 _a94(7/8)
100 _a17
101 _aSHH
245 _aAMERICAN REVOLUTION BATTLES AND LEADERS
_cMURRAY,A.R
942 _2udc
_cBK
999 _c17224
_d17224